000 00550nam a2200229Ia 4500
003 OSt
005 20220615140835.0
008 210423s2011 xx 000 0 und d
020 _a9780071321211
040 _cAL
041 _aeng
082 _a541.3 LEVI
100 _aLEVINE (Ira N).
_942688
245 _aPhysical chemistry.
250 _a6
260 _aNew Delhi
_bTata McGrawhill
_c2011
300 _axxi,991
_bPB
365 _b770
_cINR
650 _aPhysical Chemistry
_942689
906 _achemistry. ; Physical
942 _2ddc
_cBK
999 _c154765
_d154765